<?xml version="1.0" encoding="UTF-8"?>
<record
    xmlns:xsi="http://www.w3.org/2001/XMLSchema-instance"
    xsi:schemaLocation="http://www.loc.gov/MARC21/slim http://www.loc.gov/standards/marcxml/schema/MARC21slim.xsd"
    xmlns="http://www.loc.gov/MARC21/slim">

  <leader>02834nam a2200325 a 4500</leader>
  <controlfield tag="008">190514s2016    ||||||||||||||||| ||    u</controlfield>
  <datafield tag="020" ind1=" " ind2=" ">
    <subfield code="a">9781783606238</subfield>
  </datafield>
  <datafield tag="050" ind1=" " ind2=" ">
    <subfield code="a">HC 79 Dev</subfield>
  </datafield>
  <datafield tag="100" ind1=" " ind2=" ">
    <subfield code="a">Ottemoller, Fungisai P. Gwanzura</subfield>
  </datafield>
  <datafield tag="245" ind1="1" ind2="0">
    <subfield code="a">Development and sustainability : the challenge of social change</subfield>
    <subfield code="c">edited by Fungisai Gwanzura Ottem&#xF6;ller; Maurice Mittelmark; Gro Therese Lie; Alberto Cimadamore.</subfield>
  </datafield>
  <datafield tag="260" ind1=" " ind2=" ">
    <subfield code="a">London</subfield>
    <subfield code="b">Zed Books</subfield>
    <subfield code="c">2016</subfield>
  </datafield>
  <datafield tag="300" ind1=" " ind2=" ">
    <subfield code="a">ix, 182 pages, : illustrations</subfield>
  </datafield>
  <datafield tag="337" ind1=" " ind2=" ">
    <subfield code="a">computer</subfield>
  </datafield>
  <datafield tag="338" ind1=" " ind2=" ">
    <subfield code="a">online resource</subfield>
    <subfield code="2">rdacarrier</subfield>
  </datafield>
  <datafield tag="490" ind1=" " ind2=" ">
    <subfield code="a">International studies in poverty research</subfield>
  </datafield>
  <datafield tag="500" ind1=" " ind2=" ">
    <subfield code="a">.</subfield>
  </datafield>
  <datafield tag="505" ind1=" " ind2=" ">
    <subfield code="a">Foreword by Dag Rune Olsen 1. Development and Sustainability Science: Transdisciplinary Knowledge for Positive Social Change - Alberto D. Cimadamore, Fungisai P. Gwanzura Ottem&#xF6;ller, Gro Therese Lie and Maurice B. Mittelmark 2. Seeking Wisdom: A Transdisciplinary Perspective on Australian Indigenous Practices and Planetary Management - Mark G. Edwards 3. Policies for Poverty Reduction in a Transformative Green Economy - Enrique Delamonica 4. Health Promotion and Sustainable Development in Kazakhstan - Altyn Aringazina 5. Children's Literacy in Health and Sustainability - Neil Chadborn and Jane Springett 6. Participatory Research as a Tool for Change in Ecosystem Approaches to Health and Social Equity - Jane Springett 7. Connecting Development and Sustainability: Empowering People to Effective International Cooperation - Cristine Koehler Zanella 8. Sustainability and Transdisciplinary Knowledge: Experience Gained and Challenges Ahead - Gro Therese Lie, Alberto D. Cimadamore, Maurice B. Mittelmark and Fungisai P. Gwanzura Ottem&#xF6;ller;</subfield>
  </datafield>
  <datafield tag="650" ind1=" " ind2="0">
    <subfield code="a">SUSTAINABILITY</subfield>
  </datafield>
  <datafield tag="650" ind1=" " ind2="0">
    <subfield code="a">ECONOMIC DEVELOPMENT</subfield>
  </datafield>
  <datafield tag="650" ind1=" " ind2="0">
    <subfield code="a">ECONOMIC ASSISTANCE</subfield>
  </datafield>
  <datafield tag="700" ind1=" " ind2=" ">
    <subfield code="a">Lie, Gro Therese</subfield>
  </datafield>
  <datafield tag="700" ind1=" " ind2=" ">
    <subfield code="a">Mittelmark, Maurice B</subfield>
  </datafield>
  <datafield tag="700" ind1=" " ind2=" ">
    <subfield code="a">Cimadamore, Alberto D</subfield>
  </datafield>
  <datafield tag="995" ind1=" " ind2=" ">
    <subfield code="a">KAPASA MAKASA LIBRARY OPEN ACCESS</subfield>
    <subfield code="e">749278</subfield>
    <subfield code="F">CBU-KAPASA MAKASA LIBRARY (Chinsali)</subfield>
    <subfield code="I">35.10</subfield>
    <subfield code="j">HC 79 Dev</subfield>
    <subfield code="M">4</subfield>
    <subfield code="U">AVAILABLE</subfield>
    <subfield code="W">May 29, 2019</subfield>
    <subfield code="y">749278</subfield>
    <subfield code="Z">Kapasa Makasa Library Open Acess Collection</subfield>
  </datafield>
  <datafield tag="995" ind1=" " ind2=" ">
    <subfield code="a">MAIN LIBRARY OPEN ACCESS</subfield>
    <subfield code="D">35.70</subfield>
    <subfield code="e">748965</subfield>
    <subfield code="F">CBU-MAIN LIBRARY (Kitwe)</subfield>
    <subfield code="j">HC 79 Dev</subfield>
    <subfield code="M">2</subfield>
    <subfield code="U">AVAILABLE</subfield>
    <subfield code="W">May 14, 2019</subfield>
    <subfield code="y">748965</subfield>
    <subfield code="Z">Main Library Open Access Collection</subfield>
  </datafield>
  <datafield tag="995" ind1=" " ind2=" ">
    <subfield code="a">KAPASA MAKASA LIBRARY OPEN ACCESS</subfield>
    <subfield code="e">749279</subfield>
    <subfield code="F">CBU-KAPASA MAKASA LIBRARY (Chinsali)</subfield>
    <subfield code="I">35.10</subfield>
    <subfield code="j">HC 79 Dev</subfield>
    <subfield code="M">5</subfield>
    <subfield code="U">AVAILABLE</subfield>
    <subfield code="W">May 29, 2019</subfield>
    <subfield code="y">749279</subfield>
    <subfield code="Z">Kapasa Makasa Library Open Acess Collection</subfield>
  </datafield>
  <datafield tag="995" ind1=" " ind2=" ">
    <subfield code="a">MAIN LIBRARY OPEN ACCESS</subfield>
    <subfield code="D">35.70</subfield>
    <subfield code="e">748964</subfield>
    <subfield code="F">CBU-MAIN LIBRARY (Kitwe)</subfield>
    <subfield code="j">HC 79 Dev</subfield>
    <subfield code="M">1</subfield>
    <subfield code="U">AVAILABLE</subfield>
    <subfield code="W">May 14, 2019</subfield>
    <subfield code="y">748964</subfield>
    <subfield code="Z">Main Library Open Access Collection</subfield>
  </datafield>
  <datafield tag="995" ind1=" " ind2=" ">
    <subfield code="a">MAIN LIBRARY OPEN ACCESS</subfield>
    <subfield code="D">35.70</subfield>
    <subfield code="e">748966</subfield>
    <subfield code="F">CBU-MAIN LIBRARY (Kitwe)</subfield>
    <subfield code="j">HC 79 Dev</subfield>
    <subfield code="M">3</subfield>
    <subfield code="U">AVAILABLE</subfield>
    <subfield code="W">May 14, 2019</subfield>
    <subfield code="y">748966</subfield>
    <subfield code="Z">Main Library Open Access Collection</subfield>
  </datafield>
  <datafield tag="999" ind1=" " ind2=" ">
    <subfield code="c">63489</subfield>
    <subfield code="d">63489</subfield>
  </datafield>
  <datafield tag="952" ind1=" " ind2=" ">
    <subfield code="0">0</subfield>
    <subfield code="1">0</subfield>
    <subfield code="2">lcc</subfield>
    <subfield code="4">0</subfield>
    <subfield code="7">0</subfield>
    <subfield code="a">001</subfield>
    <subfield code="b">001</subfield>
    <subfield code="c">Main Library Open Access Collection</subfield>
    <subfield code="d">2022-12-24</subfield>
    <subfield code="l">0</subfield>
    <subfield code="o">HC 79 Dev</subfield>
    <subfield code="p">748965</subfield>
    <subfield code="r">2022-12-24</subfield>
    <subfield code="w">2022-12-24</subfield>
    <subfield code="y">002</subfield>
  </datafield>
  <datafield tag="952" ind1=" " ind2=" ">
    <subfield code="0">0</subfield>
    <subfield code="1">0</subfield>
    <subfield code="2">lcc</subfield>
    <subfield code="4">0</subfield>
    <subfield code="7">0</subfield>
    <subfield code="a">001</subfield>
    <subfield code="b">001</subfield>
    <subfield code="c">Main Library Open Access Collection</subfield>
    <subfield code="d">2022-12-24</subfield>
    <subfield code="l">1</subfield>
    <subfield code="o">HC 79 Dev</subfield>
    <subfield code="p">748964</subfield>
    <subfield code="r">2026-02-17</subfield>
    <subfield code="s">2026-02-03</subfield>
    <subfield code="w">2022-12-24</subfield>
    <subfield code="y">002</subfield>
  </datafield>
  <datafield tag="952" ind1=" " ind2=" ">
    <subfield code="0">0</subfield>
    <subfield code="1">0</subfield>
    <subfield code="2">lcc</subfield>
    <subfield code="4">0</subfield>
    <subfield code="7">0</subfield>
    <subfield code="a">001</subfield>
    <subfield code="b">001</subfield>
    <subfield code="c">Main Library Open Access Collection</subfield>
    <subfield code="d">2022-12-24</subfield>
    <subfield code="l">0</subfield>
    <subfield code="o">HC 79 Dev</subfield>
    <subfield code="p">748966</subfield>
    <subfield code="r">2022-12-24</subfield>
    <subfield code="w">2022-12-24</subfield>
    <subfield code="y">002</subfield>
  </datafield>
</record>
